000 00371nam a2200145 i 4500
001 bg
100 1 _aLAZAREV, L. L.
245 0 _aInfrakrasnye i svetovye pribory /
_cL.L. Lazarev.
250 _aIzdanie vtoroe, pererabotannye i dopolnennoe.
260 _aMoskva,
_c1970.
040 _cBPK
041 _apol
942 _cKS
008 s pl f |000 0 pol
999 _c13506
_d13506
856 _uhttp://koha.tu.koszalin.pl/cgi-bin/koha/opac-detail.pl?biblionumber=13506
_yKatalog online BPK